Estadísticas para Las palabras más comunes en Español

Haz click aquí para intentar la prueba.

Estadísticas generales

  • Esta prueba ha sido intentada 8.599 veces
  • La puntuación promedio es 41 de 100

Estadísticas de respuestas

#Palabra% Correcto
7A
97%
75E
96%
24O
91%
15No
89%
6Y
89%
94
88%
30Si
88%
4El
84%
66Él
84%
2La
83%
13Por
79%
21Lo
78%
1De
77%
53Qué
75%
3Que
75%
9Se
75%
19Es
74%
51Mi
71%
28Ha
69%
29Me
69%
14Con
68%
56Yo
66%
92Ella
64%
5En
64%
62Nos
64%
18Para
64%
11Las
61%
27Le
61%
79Te
61%
8Los
60%
12Un
59%
22Como
58%
31Sin
54%
17Su
54%
36Cuando
53%
50Está
53%
38Esta
53%
20Al
50%
67Uno
48%
49Desde
47%
68Donde
47%
16Una
47%
23Más
46%
52Porque
46%
32Sobre
42%
41Dos
40%
39Ser
40%
93Tres
39%
48Hasta
37%
10Del
35%
35Entre
35%
25Pero
34%
83Eso
33%
100Menos
33%
99Según
33%
33Este
32%
82Esa
31%
90Día
30%
63Ni
30%
69Bien
27%
40Son
27%
34Ya
27%
72Ese
26%
26Sus
26%
57Hay
24%
84Hace
22%
37Todo
22%
88Durante
20%
43Fue
19%
46Muy
19%
77Otro
18%
55Han
17%
87Tan
17%
73Ahora
16%
45Era
16%
89Siempre
16%
65Tiene
16%
61Así
15%
78Después
15%
58Vez
14%
81Aunque
13%
86Gobierno
13%
59Puede
13%
42También
13%
44Había
12%
54Sólo
12%
60Todos
12%
98País
11%
70Tiempo
11%
74Cada
10%
85Otra
10%
91Tanto
10%
76Vida
10%
47Años
9%
97Gran
9%
95Dijo
8%
71Mismo
8%
80Otros
8%
96Sido
7%
64Parte
5%

Distribución de puntuación

Porcentaje por número respondido

Porcentaje de gente con cada puntuación

Historial de tus puntuaciones

No has intentado esta prueba.